Distribution and density of polygyne fire ants (Hymenoptera: Formicidae) in Texas (Registro nro. 13834)

Detalles MARC
000 -CABECERA
Campo de control 005000000a22001570004500
090 ## - CLASIFICACIÓN LOCAL
Colección AR
Consecutivo 04734
041 0# - IDIOMA
Código de idioma para texto/pista de sonido o título separado
100 1# - ASIENTO PRINCIPAL--NOMBRE PERSONAL
Nombre personal Porter, Sanford D.
245 10 - MENCION DE TITULO
Título Distribution and density of polygyne fire ants (Hymenoptera: Formicidae) in Texas
700 1# - ASIENTO SECUNDARIO - NOMBRE PERSONAL
Nombre personal Bhatkar, Awinash
700 1# - ASIENTO SECUNDARIO - NOMBRE PERSONAL
Nombre personal Mulder, Roger
700 1# - ASIENTO SECUNDARIO - NOMBRE PERSONAL
Nombre personal Vinson, S. Bradleigh
700 1# - ASIENTO SECUNDARIO - NOMBRE PERSONAL
Nombre personal Clair, Daniel J.
773 1# - Item fuente:
Título Journal of economic entomology
Descripción física 3
Paginas del Articulo 866-874
Lugar, editorial y fecha de publicación 1991
Información sobre la relación 84
942 ## - ELEMENTOS ADICIONALES (KOHA)
Tipo de ítem Artículo
Existencias
Withdrawn status Lost status Damaged status No para préstamo Colección Ubicación Permanente Ubicación actual Fecha de adquisición Fuente de Valor Datos de publicación Seriada Total Checkouts Número topográfico Inventario / Código de Barras Date last seen Ejemplar Price effective from Forma de adquisición Tipo de material
      No para Préstamo Hemeroteca Bogotá Bogotá 11/05/2010 Escobar Sarria, Federico Fuera de circulación   AR 04734 028099 25/03/2015 1 25/03/2015   Artículo